Normal view MARC view

Entry Uniform Title

Number of records used in: 4

001 - CONTROL NUMBER

  • control field: 37766

003 - CONTROL NUMBER IDENTIFIER

  • control field: dpl

005 - DATE AND TIME OF LATEST TRANSACTION

  • control field: 20111228161507.0

008 - FIXED-LENGTH DATA ELEMENTS

  • fixed length control field: 111228|||a|||||| | ||| d

040 ## - CATALOGING SOURCE

  • Original cataloging agency: dpl
  • Transcribing agency: dpl

130 ## - HEADING--UNIFORM TITLE

  • Uniform title: The magician trilogy: Book two

670 ## - SOURCE DATA FOUND

  • Source citation: Work cat.: (dpl)57976: Nimmo, Jenny 37765, Emlyn's Moon /, 2007

670 ## - SOURCE DATA FOUND

  • Source citation: Work cat.: (dpl)57976: Nimmo, Jenny 37765, Emlyn's Moon /, 2007

© Delhi Public Library
Hit Counter
free hit counter